000 00541nam a2200217Ia 4500
003 OSt
005 20220928150140.0
006 a|||||r|||| 00| 0
007 ta
008 220927b |||||||| |||| 00| 0 eng d
024 _a88558
037 _cTextual
040 _aSDCL
_cSDCL
_beng
041 _2eng
_aeng
082 _aD661,8:845, M0
100 _aKuo Benjamin C
_9473549
245 0 _aDigital control systems.
260 _c1980
942 _hD661,8:845, M0
_cTEXL
_2CC
999 _c840400
_d840400